00625nam a2200181Ia 4500999001700000082001600017100002500033100002400058100004500082245002700127260002700154300000800181700004700189700004500236700004500281942001100326952010600337 c58569d58566 aR/5BS(CS)10 aSyed Abbas Ali Shah  aRoll No. 10BS(CS)35 aSupervisor - Engr. Fozia Noureen Shaikh  0aOnline English Tutor.  aNawabshahbQUESTc2014 a54p aSyed Aslam Ali Shah (Roll No. 10BS(CS)01)  aFida Hussain Samo (Roll No. 10BS(CS)26)  aRashid Ali Mallah (Roll No. 10BS(CS)44)  cTHESIS 00104070aRESEARCHbRESEARCHd2018-04-25l0oR/5BS(CS)10pBSCSP/11-111r2018-04-25 00:00:00yTHESIS